Entry Personal Name
Number of records used in: 2
001 - CONTROL NUMBER
003 - CONTROL NUMBER IDENTIFIER
005 - DATE AND TIME OF LATEST TRANSACTION
- control field:
20221102101015.0
008 - FIXED-LENGTH DATA ELEMENTS
- fixed length control field:
871201n| azannaabn |a aaa
010 ## - LIBRARY OF CONGRESS CONTROL NUMBER
- LC control number:
n 87945260
035 ## - SYSTEM CONTROL NUMBER
- System control number:
(CaEvSKY)skya3097246
040 ## - CATALOGING SOURCE
- Original cataloging agency:
DLC
- Language of cataloging:
eng
- Description conventions:
rda
- Transcribing agency:
DLC
- Modifying agency:
DLC
- Modifying agency:
MX-MoT
046 ## - SPECIAL CODED DATES
- Birth date:
1969
- Source of date scheme:
edtf
100 1# - HEADING--PERSONAL NAME
- Personal name:
Deitel, Paul J.
373 ## - ASSOCIATED GROUP
- Associated group:
Massachusetts Institute of Technology
- Source of term:
naf
373 ## - ASSOCIATED GROUP
- Associated group:
Technical Officer of Deitel & Associates
375 ## - GENDER
- Gender:
Males
- Source of term:
lcdgt
377 ## - ASSOCIATED LANGUAGE
378 ## - FULLER FORM OF PERSONAL NAME
- Fuller form of personal name:
Paul J.
400 1# - SEE FROM TRACING--PERSONAL NAME
- Personal name:
Deitel, P. J.
- Fuller form of name:
(Paul J.)
670 ## - SOURCE DATA FOUND
- Source citation:
Deitel, H.M. Microsoft Macintosh BASIC, c1988:
- Information found:
CIP t.p. (Paul J. Deitel) pref. (Cambridge, Mass.)
670 ## - SOURCE DATA FOUND
- Source citation:
Deitel, H.M. C how to program, c1992:
- Information found:
CIP t.p. (P.J. Deitel)
670 ## - SOURCE DATA FOUND
- Source citation:
U.S. copyright file, Sept. 21 ,2006
- Information found:
(Deitel, Paul J., 1969- )
670 ## - SOURCE DATA FOUND
- Source citation:
C++: how to program, ©2017:
- Information found:
title page (Paul Deitel) page 38 (Paul Deitel, CEO and Chief Technical Officer of Deitel & Associates, Inc., has over 30 years of experience in computing. He is a graduate of MIT , where he studied Information Technology. He holds the Java Certified Programmer and Java Certified Developer designations and is an Oracle Java Champion. Paus eas also named as a Microsoft® Most Valuable Professioanl (MVP) for C# in 2012-2014)